000 00956nam a2200241 i 4500
001 150681
003 ES-MaACL
005 20250826083352.0
007 t|
008 071105s1928 sp ||||1| spa d
100 1 _aDevinat, Paul.
_944011
245 1 3 _aLa organización científica del trabajo en Europa /
_cpor Pablo Devinat ; traducida del francés por Antonio Atienza de la Rosa ; [prólogo escrito para la edición española por Albert Thomas].
260 _aMadrid :
_bAguilar,
_c[1928?] (
_fYagües)
300 _a462 p. ;
_c19 cm.
490 1 _aPublicaciones de la Oficina Internacional del Trabajo
650 4 _aOrganización del trabajo-
_zEuropa.
_9174273
700 1 _aAtienza de la Rosa, Antonio.
_923741
700 1 _aThomas, Albert.
_9109994
710 1 _aOficina Internacional del Trabajo
_96023
830 1 _aPublicaciones de la Oficina Internacional del Trabajo
_9187609
852 4 _aES-MaACL
_jA-1240
999 _c150681
_d150681